[Event "Hilton Open 2013"]
[Site "Basel"]
[Date "2013.01.01"]
[Round "1.29"]
[White "Toth, Bela"]
[Black "Wehrle, Uwe"]
[Result "1-0"]
[WhiteElo "2352"]
[BlackElo "2117"]
[PlyCount "55"]
[EventDate "2013.01.??"]
[EventType "swiss"]
[EventRounds "7"]
[EventCountry "SUI"]
[SourceDate "2013.01.01"]

1. d4 Nf6 2. c4 e6 3. Nc3 Bb4 4. e3 Bxc3+ 5. bxc3 d5 6. cxd5 exd5 7. Bd3 O-O 8.
Ne2 b6 9. O-O c5 10. Ba3 Qc7 11. Rc1 Rd8 12. Ng3 c4 13. Bb1 Bb7 14. f3 Re8 15.
e4 Qf4 16. e5 Nfd7 17. Qc2 g6 18. Rce1 Nf8 19. Bc1 Qh4 20. f4 Nc6 21. f5 g5 22.
Qd1 h6 23. Nh5 Nh7 24. Re3 g4 25. Rg3 Qxh5 26. Rxg4+ Qxg4 27. Qxg4+ Kh8 28.
Bxh6 1-0

[Event "Hilton Open 2013"]
[Site "Basel"]
[Date "2013.01.01"]
[Round "1.30"]
[White "Ernst, Rolf"]
[Black "Flueckiger, Christian"]
[Result "0-1"]
[WhiteElo "2131"]
[BlackElo "2344"]
[PlyCount "66"]
[EventDate "2013.01.??"]
[EventType "swiss"]
[EventRounds "7"]
[EventCountry "SUI"]
[SourceDate "2013.01.01"]

1. d4 d6 2. c4 e5 3. e3 c6 4. Nc3 Qc7 5. Nf3 Be7 6. Be2 Nf6 7. Qc2 O-O 8. Bd2
Re8 9. h3 Bf8 10. g4 Na6 11. a3 exd4 12. exd4 b5 13. Kf1 b4 14. Nd1 Rb8 15. Bd3
g6 16. Ne3 bxa3 17. bxa3 Bg7 18. Kg2 Qd7 19. Rab1 Rxb1 20. Qxb1 Nc7 21. Qc2 Ne6
22. Nf1 d5 23. c5 Qc7 24. Qc1 h5 25. Ne5 Nxd4 26. Nxg6 fxg6 27. Bxg6 Rf8 28.
Ng3 hxg4 29. hxg4 Bxg4 30. Rh4 Bf3+ 31. Kf1 Nb3 32. Qc2 Nxd2+ 33. Qxd2 Qe5 0-1

[Event "Hilton Open 2013"]
[Site "Basel"]
[Date "2013.01.01"]
[Round "1.31"]
[White "Maier, Christian"]
[Black "Bender, Dirk"]
[Result "1-0"]
[WhiteElo "2354"]
[BlackElo "2047"]
[PlyCount "33"]
[EventDate "2013.01.??"]
[EventType "swiss"]
[EventRounds "7"]
[EventCountry "SUI"]
[SourceDate "2013.01.01"]

1. d4 Nf6 2. Nf3 e6 3. Bg5 c5 4. e4 Qb6 5. Nbd2 cxd4 6. e5 Nd5 7. Bc4 Nb4 8.
O-O N4c6 9. Bb3 Qc7 10. Re1 Bc5 11. Ne4 b6 12. Qd2 O-O 13. Nf6+ Kh8 14. Qf4 Ne7
15. Qh4 gxf6 16. Bxf6+ Kg8 17. Qg5+ 1-0

[Event "Hilton Open 2013"]
[Site "Basel"]
[Date "2013.01.01"]
[Round "1.32"]
[White "Jud, Marc"]
[Black "Vulevic, Vjekoslav"]
[Result "0-1"]
[WhiteElo "2032"]
[BlackElo "2299"]
[PlyCount "126"]
[EventDate "2013.01.??"]
[EventType "swiss"]
[EventRounds "7"]
[EventCountry "SUI"]
[SourceDate "2013.01.01"]

1. e4 g6 2. d4 Bg7 3. c4 d6 4. Nc3 Nd7 5. Nf3 e5 6. Be3 Ngf6 7. h3 O-O 8. dxe5
dxe5 9. Qd2 c6 10. Be2 Qe7 11. O-O Nc5 12. Qc2 Nh5 13. Rfd1 Nf4 14. Bf1 Nce6
15. Kh2 f5 16. Ne2 Nxe2 17. Bxe2 Nd4 18. Bxd4 exd4 19. exf5 Bxf5 20. Bd3 Bd7
21. Be4 Rae8 22. Re1 Qc5 23. Rad1 a5 24. b3 b6 25. Qd2 Rd8 26. Kg1 a4 27. Qg5
Qxg5 28. Nxg5 axb3 29. axb3 Ra8 30. Nf3 Ra2 31. Rd2 Rxd2 32. Nxd2 Ra8 33. Nf3
Ra2 34. Rd1 c5 35. Rb1 Bf8 36. Ne5 Be8 37. Nd3 Re2 38. f3 Bh6 39. Re1 Be3+ 40.
Kh1 Ra2 41. b4 Bf7 42. bxc5 bxc5 43. Ne5 Bf2 44. Rc1 Bg3 45. Nd3 Bxc4 46. Nxc5
Kg7 47. Bb1 Rb2 48. Bd3 Bxd3 49. Nxd3 Rd2 50. Nc5 Re2 51. Rd1 h5 52. Ne4 Bf4
53. Kg1 Be3+ 54. Kf1 Rb2 55. Re1 h4 56. Rd1 g5 57. Re1 Kg6 58. Rd1 Kf5 59. Re1
Kf4 60. Rd1 g4 61. hxg4 h3 62. gxh3 Kxf3 63. Nc5 Rh2 0-1

[Event "Hilton Open 2013"]
[Site "Basel"]
[Date "2013.01.01"]
[Round "1.33"]
[White "Vatter, Hans Joachim"]
[Black "Prill, Gerhard"]
[Result "1-0"]
[WhiteElo "2318"]
[BlackElo "2056"]
[PlyCount "71"]
[EventDate "2013.01.??"]
[EventType "swiss"]
[EventRounds "7"]
[EventCountry "SUI"]
[SourceDate "2013.01.01"]

1. e4 e5 2. Nf3 Nc6 3. Bc4 Nf6 4. d3 Bc5 5. c3 a6 6. Qe2 d6 7. Bb3 O-O 8. Nbd2
Ne7 9. d4 exd4 10. cxd4 Ba7 11. O-O Ng6 12. h3 Nh5 13. Nc4 Nhf4 14. Bxf4 Nxf4
15. Qe3 Ne6 16. Qd2 Bd7 17. Rad1 Bb5 18. Rfe1 Qd7 19. Ne3 c5 20. Nf5 c4 21. Bc2
Rad8 22. d5 Nc5 23. Nxg7 Nd3 24. Bxd3 cxd3 25. Nf5 f6 26. N3d4 Bxd4 27. Nxd4
Rf7 28. b3 a5 29. Nxb5 Qxb5 30. Qxd3 Qb6 31. Rc1 Rg7 32. Re3 Kf7 33. Rg3 Rdg8
34. Rxg7+ Rxg7 35. Qf3 Rg5 36. Rc8 1-0

[Event "Hilton Open 2013"]
[Site "Basel"]
[Date "2013.01.01"]
[Round "1.34"]
[White "Braeunlin, Klaus"]
[Black "Maisuradze, Nino"]
[Result "0-1"]
[WhiteElo "2131"]
[BlackElo "2315"]
[PlyCount "70"]
[EventDate "2013.01.??"]
[EventType "swiss"]
[EventRounds "7"]
[EventCountry "SUI"]
[SourceDate "2013.01.01"]

1. e4 c5 2. Nf3 Nc6 3. d4 cxd4 4. Nxd4 e5 5. Nb5 d6 6. c4 Be7 7. N1c3 a6 8. Na3
f5 9. Nc2 Nf6 10. Bd3 f4 11. Nd5 O-O 12. f3 Nxd5 13. exd5 Nb8 14. Qe2 Nd7 15.
b4 a5 16. a3 Kh8 17. Bb2 Bh4+ 18. Kf1 Be7 19. Ne1 Nf6 20. Rd1 axb4 21. axb4 b5
22. g4 bxc4 23. Bxc4 Qb6 24. Bc3 Bd7 25. Qb2 Rfc8 26. Be2 Qc7 27. Bd2 Nxd5 28.
h4 Qa7 29. Ng2 Qa2 30. Qxa2 Rxa2 31. Bd3 Ba4 32. Rc1 Rxc1+ 33. Bxc1 Nxb4 34.
Ne1 Nxd3 35. Nxd3 Bb5 0-1

[Event "Hilton Open 2013"]
[Site "Basel"]
[Date "2013.01.01"]
[Round "1.35"]
[White "Grandadam, Nicolas"]
[Black "Terraz, Christian"]
[Result "1-0"]
[WhiteElo "2327"]
[BlackElo "2098"]
[PlyCount "77"]
[EventDate "2013.01.??"]
[EventType "swiss"]
[EventRounds "7"]
[EventCountry "SUI"]
[SourceDate "2013.01.01"]

1. Nf3 Nf6 2. c4 d6 3. d4 Nbd7 4. Nc3 c6 5. e4 e5 6. Be2 Be7 7. O-O Qc7 8. Re1
Nf8 9. Rb1 h6 10. b4 g5 11. Bb2 Ng6 12. c5 Rg8 13. cxd6 Bxd6 14. b5 g4 15. Nxe5
Nxe5 16. dxe5 Bxe5 17. g3 h5 18. Bc4 Kf8 19. Qb3 h4 20. Na4 hxg3 21. hxg3 cxb5
22. Bxe5 Qxe5 23. Qa3+ Qe7 24. Qxe7+ Kxe7 25. Rxb5 b6 26. e5 Nh7 27. Nc3 Ng5
28. Kg2 Bb7+ 29. Bd5 Rac8 30. Re3 Ba6 31. Rb4 Ne6 32. Kg1 Rc5 33. Bg2 Rg5 34.
Nd5+ Kf8 35. Nf6 Rc1+ 36. Kh2 Rc2 37. Nh7+ Kg7 38. Nxg5 Nxg5 39. Rxg4 1-0

[Event "Hilton Open 2013"]
[Site "Basel"]
[Date "2013.01.01"]
[Round "1.36"]
[White "Ditzler, Juerg"]
[Black "Schmidt Schaeffer, Sebastian"]
[Result "0-1"]
[WhiteElo "2038"]
[BlackElo "2356"]
[PlyCount "40"]
[EventDate "2013.01.??"]
[EventType "swiss"]
[EventRounds "7"]
[EventCountry "SUI"]
[SourceDate "2013.01.01"]

1. Nf3 f5 2. e4 fxe4 3. Ng5 Nf6 4. d3 Nc6 5. Nxe4 e5 6. Nbc3 Be7 7. Nxf6+ Bxf6
8. Nd5 O-O 9. Nxf6+ Qxf6 10. Be3 d5 11. Qd2 Be6 12. Bg5 Qg6 13. O-O-O a5 14. a3
d4 15. Bh4 Bf7 16. Bg3 Qe6 17. c4 dxc3 18. Qxc3 Ra6 19. Re1 Qa2 20. f4 Nd4 0-1

[Event "Hilton Open 2013"]
[Site "Basel"]
[Date "2013.01.01"]
[Round "1.37"]
[White "Milosevic, Goran"]
[Black "Spiess, Thomas"]
[Result "1-0"]
[WhiteElo "2328"]
[BlackElo "2028"]
[PlyCount "61"]
[EventDate "2013.01.??"]
[EventType "swiss"]
[EventRounds "7"]
[EventCountry "SUI"]
[SourceDate "2013.01.01"]

1. e4 c5 2. Nf3 e6 3. d4 cxd4 4. Nxd4 Nc6 5. Nc3 Qc7 6. g3 a6 7. Bg2 d6 8. O-O
Bd7 9. a4 Be7 10. Nb3 Nf6 11. a5 O-O 12. Be3 Rac8 13. f4 Nb4 14. Bb6 Qb8 15. g4
Bc6 16. g5 Nd7 17. Be3 Bb5 18. Rf3 Bc4 19. Nd4 f5 20. Rh3 g6 21. Ra4 b5 22.
axb6 d5 23. exf5 exf5 24. Rxb4 Bxb4 25. Nxd5 Bc5 26. b3 Nxb6 27. Nxb6 Qxb6 28.
bxc4 Rcd8 29. Bd5+ Kg7 30. Ne6+ Qxe6 31. Qa1+ 1-0

[Event "Hilton Open 2013"]
[Site "Basel"]
[Date "2013.01.01"]
[Round "1.38"]
[White "Deubelbeiss, Rene"]
[Black "Maeurer, Christoph"]
[Result "0-1"]
[WhiteElo "2015"]
[BlackElo "2291"]
[PlyCount "92"]
[EventDate "2013.01.??"]
[EventType "swiss"]
[EventRounds "7"]
[EventCountry "SUI"]
[SourceDate "2013.01.01"]

1. c4 Nf6 2. g3 c5 3. Bg2 g6 4. Nc3 Bg7 5. Nf3 O-O 6. O-O d5 7. cxd5 Nxd5 8.
Nxd5 Qxd5 9. d3 Nc6 10. Ng5 Qd7 11. Rb1 h6 12. Ne4 b6 13. Be3 Rd8 14. Qd2 Kh7
15. Rfd1 Bb7 16. a3 f5 17. Nc3 Rac8 18. b4 cxb4 19. axb4 Nxb4 20. Rxb4 Bxc3 21.
Qa2 Bd5 22. Bxd5 Qxd5 23. Qxd5 Rxd5 24. Rh4 Bg7 25. Ra4 Rc7 26. h3 e5 27. Rb1
Bf6 28. Kg2 Rdd7 29. h4 h5 30. f3 Rc2 31. Kf2 Kg7 32. Ke1 Kf7 33. Kd1 Rcc7 34.
Bf2 Rb7 35. Rb5 Ke6 36. Kd2 Be7 37. Be3 Rd5 38. Rb1 Bc5 39. Bg5 a5 40. g4 Bb4+
41. Kc2 Rc7+ 42. Kd1 f4 43. Ra2 b5 44. Bh6 Kf7 45. Rab2 Rcc5 46. Rc2 Bc3 0-1

[Event "Hilton Open 2013"]
[Site "Basel"]
[Date "2013.01.01"]
[Round "1.39"]
[White "Xheladini, Mahmut"]
[Black "Brait, Wolfgang"]
[Result "1-0"]
[WhiteElo "2281"]
[BlackElo "2021"]
[PlyCount "141"]
[EventDate "2013.01.??"]
[EventType "swiss"]
[EventRounds "7"]
[EventCountry "SUI"]
[SourceDate "2013.01.01"]

1. e4 c5 2. Nf3 Nc6 3. Nc3 g6 4. Bc4 Bg7 5. O-O a6 6. a4 d6 7. Re1 Bg4 8. Bxf7+
Kxf7 9. Ng5+ Ke8 10. Qxg4 Qd7 11. Qxd7+ Kxd7 12. Nf7 Nd4 13. Ra2 Nxc2 14. Rf1
e6 15. b3 Nb4 16. Ra1 Ne7 17. Nxh8 Rxh8 18. Rb1 Nd3 19. g3 g5 20. f3 h5 21. Nd1
h4 22. Bb2 Nxb2 23. Nxb2 Bd4+ 24. Kg2 h3+ 25. Kh1 Rf8 26. Nd3 d5 27. exd5 exd5
28. Nf2 Rh8 29. Rbe1 Ng6 30. Re2 b5 31. axb5 axb5 32. d3 Ne5 33. f4 gxf4 34.
gxf4 Nc6 35. Rg1 Rh4 36. f5 Rf4 37. Nxh3 Rxf5 38. Rg5 Rxg5 39. Nxg5 Ne5 40. h4
Nxd3 41. Ne6 Bh8 42. Nf8+ Kd8 43. h5 Nf4 44. Ne6+ Nxe6 45. Rxe6 Kc7 46. Re8 Bd4
47. h6 c4 48. bxc4 dxc4 49. Kg2 c3 50. Kf3 c2 51. Re1 b4 52. Ke4 Bc3 53. Rh1 b3
54. Kd3 Bh8 55. Kd2 Kd6 56. h7 Ke6 57. Kc1 Kf7 58. Rh3 b2+ 59. Kxc2 Kg6 60. Rh1
Kg5 61. Rg1+ Kh6 62. Rh1+ Kg6 63. Kd3 b1=Q+ 64. Rxb1 Kxh7 65. Rg1 Bg7 66. Ke4
Kg8 67. Kf5 Kf7 68. Rb1 Bd4 69. Rb7+ Ke8 70. Ke6 Kd8 71. Rd7+ 1-0

[Event "Hilton Open 2013"]
[Site "Basel"]
[Date "2013.01.01"]
[Round "1.40"]
[White "Janasik, Gerhard"]
[Black "Hess, Christian Mathias"]
[Result "0-1"]
[WhiteElo "2014"]
[BlackElo "2269"]
[PlyCount "106"]
[EventDate "2013.01.??"]
[EventType "swiss"]
[EventRounds "7"]
[EventCountry "SUI"]
[SourceDate "2013.01.01"]

1. d4 d5 2. c4 c6 3. cxd5 cxd5 4. Nc3 Nf6 5. Bf4 Nc6 6. e3 Bf5 7. Qb3 Qb6 8.
Qxb6 axb6 9. Bb5 e6 10. a3 Be7 11. Nf3 O-O 12. O-O Rfc8 13. Rac1 Nd7 14. h3 h6
15. Rfd1 g5 16. Bg3 h5 17. Bd3 Bxd3 18. Rxd3 Na5 19. Nd2 h4 20. Bh2 b5 21. Rd1
Nc4 22. Nxc4 bxc4 23. R3d2 Nb6 24. Kf1 Rc6 25. Ke2 Na4 26. Rc2 Nxc3+ 27. Rxc3
b5 28. Kf3 b4 29. axb4 Bxb4 30. Rc2 Ra2 31. Re2 f5 32. g4 Kf7 33. Rc1 Rb6 34.
Rcc2 Be7 35. Be5 Rb3 36. Kg2 Bf6 37. Bxf6 Kxf6 38. f3 Ra1 39. Kf2 Rh1 40. Kg2
Rd1 41. Kf2 Rbd3 42. Kg2 Kg6 43. Kh2 Rf1 44. Kg2 Rdd1 45. Rcd2 Rg1+ 46. Kh2
Rxd2 47. Rxd2 Re1 48. Kg2 Rxe3 49. Kf2 Rb3 50. Kg2 Kf7 51. gxf5 exf5 52. Kf2
Kf6 53. Kg2 Rd3 0-1

[Event "Hilton Open 2013"]
[Site "Basel"]
[Date "2013.01.01"]
[Round "1.41"]
[White "Balint, Vilmos"]
[Black "Guo, Emma"]
[Result "1/2-1/2"]
[WhiteElo "2252"]
[BlackElo "2000"]
[PlyCount "68"]
[EventDate "2013.01.??"]
[EventType "swiss"]
[EventRounds "7"]
[EventCountry "SUI"]
[SourceDate "2013.01.01"]

1. e4 e5 2. Nf3 Nc6 3. Bc4 Bc5 4. c3 Nf6 5. d4 exd4 6. cxd4 Bb4+ 7. Bd2 Bxd2+
8. Nbxd2 d6 9. O-O O-O 10. Qc2 d5 11. exd5 Nxd5 12. Rac1 Be6 13. a3 Nf4 14. Qe4
Bxc4 15. Rxc4 Nd5 16. Rc5 Nf6 17. Qh4 h6 18. Rb5 Rb8 19. Nc4 a6 20. Rf5 Nd5 21.
Qg3 Nde7 22. Rf4 f5 23. Nce5 Rf6 24. Rh4 Qd5 25. Rc1 Rbf8 26. Re1 f4 27. Qh3
Nxe5 28. Nxe5 Nf5 29. Rxf4 Nxd4 30. Rxf6 Rxf6 31. Qc8+ Kh7 32. Nd7 Nf3+ 33.
gxf3 Rg6+ 34. Kf1 Qd3+ 1/2-1/2

[Event "Hilton Open 2013"]
[Site "Basel"]
[Date "2013.01.01"]
[Round "1.42"]
[White "Faraone, Ettore"]
[Black "Karabalis, Harilos"]
[Result "0-1"]
[WhiteElo "2003"]
[BlackElo "2245"]
[PlyCount "68"]
[EventDate "2013.01.??"]
[EventType "swiss"]
[EventRounds "7"]
[EventCountry "SUI"]
[SourceDate "2013.01.01"]

1. e4 e6 2. d4 d5 3. Nd2 Nf6 4. e5 Nfd7 5. Bd3 c5 6. c3 Nc6 7. Qg4 cxd4 8. cxd4
h5 9. Qf4 g5 10. Qe3 Bh6 11. Ne2 Qb6 12. Nb3 a5 13. g4 a4 14. Nd2 hxg4 15. b3
Bf8 16. Bb2 Rh3 17. Ng3 a3 18. Bc3 Bb4 19. Bf1 Bxc3 20. Qxc3 Qxd4 21. Qxd4 Nxd4
22. Bxh3 gxh3 23. O-O Nxe5 24. f4 gxf4 25. Rxf4 Nec6 26. Raf1 f5 27. Rh4 Ke7
28. Rxh3 Bd7 29. Rh7+ Kd6 30. Kf2 Ne5 31. h3 Rc8 32. Rh4 f4 33. Nh5 Rc2 34.
Nxf4 Nf5 0-1

[Event "Hilton Open 2013"]
[Site "Basel"]
[Date "2013.01.01"]
[Round "1.43"]
[White "Bagri, Jaspaul"]
[Black "Moser, Guido"]
[Result "1-0"]
[WhiteElo "2178"]
[BlackElo "2006"]
[PlyCount "113"]
[EventDate "2013.01.??"]
[EventType "swiss"]
[EventRounds "7"]
[EventCountry "SUI"]
[SourceDate "2013.01.01"]

1. c4 e6 2. g3 Nf6 3. Bg2 d5 4. Nf3 Be7 5. O-O O-O 6. b3 b6 7. Bb2 Bb7 8. e3
Nbd7 9. Nc3 c5 10. Qe2 a6 11. Rfd1 Qc7 12. Rac1 Rfd8 13. cxd5 exd5 14. d4 Qd6
15. Ba3 Qe6 16. Ng5 Qg4 17. Qxg4 Nxg4 18. Nh3 Ngf6 19. Nf4 Rac8 20. Ncxd5 Nxd5
21. Nxd5 Bxd5 22. Bxd5 Nf6 23. Bb7 Rc7 24. Bf3 Rcd7 25. dxc5 Rxd1+ 26. Rxd1
Rxd1+ 27. Bxd1 Bxc5 28. Bxc5 bxc5 29. Bf3 Nd7 30. Be4 a5 31. Kf1 g6 32. Ke2 Kf8
33. Bc6 Nb6 34. Kd3 Ke7 35. e4 Kd6 36. Be8 f6 37. f4 g5 38. Bb5 h6 39. Ke3 Ke7
40. Kf3 Kf7 41. Kg4 Kg6 42. h4 gxh4 43. Kxh4 Kg7 44. Kg4 Kg6 45. Kf3 Kf7 46.
Bc4+ Kg7 47. e5 fxe5 48. fxe5 Nc8 49. Be6 Ne7 50. Ke4 Kg6 51. Bd7 Kg5 52. Bh3
Kg6 53. Bg4 Kg5 54. Bd7 Kg6 55. Kd3 Nd5 56. e6 Kf6 57. Kc4 1-0

[Event "Hilton Open 2013"]
[Site "Basel"]
[Date "2013.01.02"]
[Round "2.1"]
[White "Georgiadis, Nico"]
[Black "Vachier Lagrave, Maxime"]
[Result "0-1"]
[WhiteElo "2369"]
[BlackElo "2711"]
[PlyCount "62"]
[EventDate "2013.??.??"]
[SourceDate "2013.01.01"]

1. e4 c5 2. Nf3 d6 3. d4 cxd4 4. Nxd4 Nf6 5. Nc3 a6 6. g3 e5 7. Nde2 Be7 8. Bg2
Nbd7 9. a4 b6 10. h3 h5 11. Bg5 Bb7 12. O-O O-O 13. Qd2 Rc8 14. Rfd1 Rc4 15.
Qe3 Qc7 16. h4 Re8 17. Qd3 d5 18. exd5 e4 19. Qd2 Bb4 20. Bf4 Ne5 21. d6 Qd7
22. Bxe5 Rxe5 23. Nf4 e3 24. fxe3 Bc5 25. Re1 Ng4 26. Nd1 Bxg2 27. Nxg2 Re6 28.
c3 Rxd6 29. Qe2 Ne5 30. Nf2 Rd2 31. Qxh5 Bd6 0-1

[Event "Hilton Open 2013"]
[Site "Basel"]
[Date "2013.01.02"]
[Round "2.2"]
[White "Grachev, Boris"]
[Black "Filipovic, Branko"]
[Result "1-0"]
[WhiteElo "2688"]
[BlackElo "2369"]
[PlyCount "81"]
[EventDate "2013.??.??"]
[SourceDate "2013.01.01"]

1. d4 Nf6 2. c4 b6 3. Nc3 Bb7 4. Qc2 d5 5. cxd5 Nxd5 6. Nf3 Nxc3 7. bxc3 g6 8.
e4 Bg7 9. Bb5+ c6 10. Bc4 b5 11. Bd3 O-O 12. O-O Nd7 13. Bg5 a6 14. a4 Rc8 15.
Qe2 Nb6 16. Bc2 Qc7 17. Bh4 e6 18. Rfd1 Rfe8 19. Bg3 Qe7 20. Ne5 Nd7 21. Nf3
Nb6 22. h4 Nd7 23. h5 Nf6 24. Bh4 Qf8 25. hxg6 fxg6 26. Ne5 Rcd8 27. Nd3 Rd7
28. axb5 axb5 29. Bb3 Rf7 30. Nc5 Bc8 31. Ra8 Nh5 32. Bg5 h6 33. Be3 Kh7 34. e5
Nf4 35. Bxf4 Rxf4 36. Bxe6 Qh8 37. Bxc8 Rxc8 38. Ra7 Qe8 39. Ne4 Qe6 40. Qe3
Rff8 41. Nf6+ 1-0

[Event "Hilton Open 2013"]
[Site "Basel"]
[Date "2013.01.02"]
[Round "2.3"]
[White "Schmidt Schaeffer, Sebastian"]
[Black "Istratescu, Andrei"]
[Result "1/2-1/2"]
[WhiteElo "2356"]
[BlackElo "2654"]
[PlyCount "70"]
[EventDate "2013.??.??"]
[SourceDate "2013.01.01"]

1. f4 Nf6 2. Nf3 g6 3. e3 Bg7 4. Be2 O-O 5. O-O d6 6. d4 c5 7. Nc3 a6 8. dxc5
dxc5 9. e4 Nc6 10. e5 Ng4 11. h3 Nh6 12. Ne4 b6 13. c3 Bb7 14. Nfg5 Qxd1 15.
Rxd1 Rad8 16. Be3 Nf5 17. Bf2 h6 18. Nf3 h5 19. Neg5 Bh6 20. g4 hxg4 21. hxg4
Ng7 22. Bc4 Bxg5 23. Nxg5 Bc8 24. Be2 Ne6 25. Nxe6 Bxe6 26. Kg2 a5 27. Bf3 Rxd1
28. Rxd1 Rd8 29. Rxd8+ Nxd8 30. b3 Kf8 31. Kg3 f6 32. exf6 exf6 33. b4 axb4 34.
cxb4 Bxa2 35. bxc5 bxc5 1/2-1/2

[Event "Hilton Open 2013"]
[Site "Basel"]
[Date "2013.01.02"]
[Round "2.4"]
[White "Flueckiger, Christian"]
[Black "Turov, Maxim"]
[Result "1/2-1/2"]
[WhiteElo "2344"]
[BlackElo "2630"]
[PlyCount "40"]
[EventDate "2013.??.??"]
[SourceDate "2013.01.01"]

1. e4 c5 2. Nc3 Nc6 3. Nge2 d6 4. d4 cxd4 5. Nxd4 Nf6 6. Bg5 Qb6 7. Nb3 e6 8.
Qd2 Be7 9. f3 O-O 10. O-O-O Rd8 11. Nb5 Rd7 12. Be3 Qd8 13. N5d4 a6 14. g4 Ne5
15. g5 Nh5 16. Rg1 d5 17. exd5 exd5 18. Nf5 Bf8 19. Qf2 Nc4 20. Bd4 g6 1/2-1/2

[Event "Hilton Open 2013"]
[Site "Basel"]
[Date "2013.01.02"]
[Round "2.5"]
[White "Bartel, Mateusz"]
[Black "Maier, Christian"]
[Result "1/2-1/2"]
[WhiteElo "2629"]
[BlackElo "2354"]
[PlyCount "55"]
[EventDate "2013.??.??"]
[SourceDate "2013.01.01"]

1. g3 e5 2. c4 Nc6 3. Bg2 h5 4. Nf3 h4 5. Nxh4 Rxh4 6. gxh4 Qxh4 7. d3 Bc5 8.
e3 Nf6 9. h3 d5 10. cxd5 Nb4 11. a3 Nbxd5 12. Qe2 Bd7 13. Nc3 Nxc3 14. bxc3
O-O-O 15. Rb1 e4 16. d4 Bb6 17. c4 Qg5 18. Kf1 Rh8 19. Qb2 c5 20. Bd2 Rh6 21.
Bc3 Rg6 22. Rg1 Qh5 23. dxc5 Qxc5 24. Bd4 Qxc4+ 25. Qe2 Bb5 26. Rxb5 Qc1+ 27.
Qe1 Qc4+ 28. Qe2 1/2-1/2

[Event "Hilton Open 2013"]
[Site "Basel"]
[Date "2013.01.02"]
[Round "2.6"]
[White "Pelletier, Yannick"]
[Black "Toth, Bela"]
[Result "1/2-1/2"]
[WhiteElo "2604"]
[BlackElo "2352"]
[PlyCount "189"]
[EventDate "2013.??.??"]
[SourceDate "2013.01.01"]

1. Nf3 Nf6 2. c4 e6 3. g3 d5 4. Bg2 dxc4 5. Qa4+ Nbd7 6. Qxc4 c5 7. d3 a6 8.
Qb3 Ra7 9. a4 b6 10. O-O Bb7 11. Na3 Be7 12. e4 O-O 13. Nc4 Bc6 14. Rd1 Qa8 15.
Nfe5 Nxe5 16. Nxe5 Nd7 17. Nxc6 Qxc6 18. d4 cxd4 19. Rxd4 Nc5 20. Qc2 a5 21.
Be3 Rd7 22. Rc4 Rfd8 23. b4 axb4 24. Rxb4 Rc7 25. e5 Qd7 26. Rxb6 Nd3 27. Qe2
Qc8 28. Be4 Rc2 29. Qf1 Rc3 30. a5 Nxe5 31. a6 Nc4 32. a7 Nxe3 33. fxe3 Qc5 34.
a8=Q Qxb6 35. Qb7 Qxe3+ 36. Kh1 Rb3 37. Re1 Qxe1 38. Qxe1 Rxb7 39. Bxb7 h5 40.
Be4 Bf6 41. Qb1 Rd2 42. Qc1 Rd4 43. Qc2 Rd8 44. Kg2 Rd4 45. Kf3 Rd8 46. h3 Rd4
47. Ke2 Rd8 48. Ke3 Bg5+ 49. Kf3 Bf6 50. Kf4 Rd4 51. g4 hxg4 52. hxg4 g5+ 53.
Ke3 Rd8 54. Qh2 Kg7 55. Qh7+ Kf8 56. Ke2 Rb8 57. Kd3 Rb4 58. Qh6+ Ke7 59. Qh1
Rd4+ 60. Kc2 Rd8 61. Qf3 Rc8+ 62. Bc6 Kf8 63. Kb3 Kg7 64. Kc4 Rd8 65. Kb5 Rd4
66. Be4 Rd8 67. Kc6 Rc8+ 68. Kb7 Rh8 69. Bd3 Rh2 70. Qe4 Rh8 71. Bb5 Rd8 72.
Bd3 Rh8 73. Kc6 Rc8+ 74. Kd7 Rd8+ 75. Kc7 Rh8 76. Bb5 Rd8 77. Bd7 Rh8 78. Qe2
Bd8+ 79. Kb7 Bf6 80. Qb5 Rd8 81. Kc7 Rh8 82. Be8 Rf8 83. Kd7 Kg8 84. Qc6 Kg7
85. Kd6 Rh8 86. Qd7 Rf8 87. Qc8 Kg8 88. Bxf7+ Kxf7 89. Qd7+ Kg6 90. Kxe6 Bd8
91. Qd3+ Kg7 92. Qd4+ Bf6 93. Qd7+ Kg6 94. Qb5 Kg7 95. Qd7+ 1/2-1/2

[Event "Hilton Open 2013"]
[Site "Basel"]
[Date "2013.01.02"]
[Round "2.7"]
[White "Bogdanovich, Grigory"]
[Black "Vajda, Levente"]
[Result "0-1"]
[WhiteElo "2343"]
[BlackElo "2603"]
[PlyCount "94"]
[EventDate "2013.??.??"]
[SourceDate "2013.01.01"]

1. d4 Nf6 2. Nf3 g6 3. c4 Bg7 4. Nc3 O-O 5. Bg5 d6 6. e3 h6 7. Bh4 c5 8. d5 a6
9. Nd2 Nbd7 10. Be2 b5 11. cxb5 Nb6 12. Bxf6 exf6 13. O-O axb5 14. Bxb5 f5 15.
Nc4 Ba6 16. Bxa6 Rxa6 17. Qd3 Nxc4 18. Qxc4 Qa5 19. Rfc1 Rb6 20. b3 Rb4 21. Qd3
f4 22. exf4 Rxf4 23. g3 Rd4 24. Qb5 Qd8 25. Rc2 Qg5 26. Re1 Qf5 27. Qe2 h5 28.
Rd2 h4 29. Nb5 Rxd2 30. Qxd2 h3 31. Qd1 Be5 32. Qe2 Rb8 33. a4 Bd4 34. Qf1 Qxd5
35. Qxh3 Qxb3 36. Nxd6 Qa2 37. Rf1 Rb2 38. Qg2 Bxf2+ 39. Rxf2 Qa1+ 40. Qf1 Rb1
41. Nxf7 c4 42. Nh6+ Kg7 43. Ng4 Rxf1+ 44. Rxf1 Qd4+ 45. Nf2 c3 46. Kg2 c2 47.
Kf3 Qc3+ 0-1

[Event "Hilton Open 2013"]
[Site "Basel"]
[Date "2013.01.02"]
[Round "2.8"]
[White "Maisuradze, Nino"]
[Black "Van Kampen, Robin"]
[Result "1/2-1/2"]
[WhiteElo "2306"]
[BlackElo "2581"]
[PlyCount "82"]
[EventDate "2013.??.??"]
[SourceDate "2013.01.01"]

1. d4 Nf6 2. Nf3 g6 3. Bg5 Bg7 4. Nbd2 d6 5. c3 O-O 6. e4 h6 7. Bh4 Nc6 8. Bd3
e5 9. O-O Qe8 10. Re1 Nd7 11. dxe5 dxe5 12. b4 a5 13. a3 axb4 14. axb4 Rxa1 15.
Qxa1 f5 16. exf5 gxf5 17. b5 Nd8 18. Bg3 e4 19. Bxc7 Ne6 20. Bc4 Kh8 21. Bxe6
Qxe6 22. Nd4 Qf7 23. f3 Rg8 24. fxe4 Nc5 25. Bg3 f4 26. Rf1 Be5 27. Ne2 Nd3 28.
Qb1 Qd7 29. Rf3 fxg3 30. Qxd3 gxh2+ 31. Kh1 Rd8 32. Qxd7 Bxd7 33. Nd4 Bg4 34.
Rf1 Bxd4 35. cxd4 Rxd4 36. Rf2 Kg7 37. Kxh2 Rb4 38. Kg3 Be6 39. Kf4 Rxb5 40.
Nf3 Rc5 41. Nd4 Bd7 1/2-1/2

[Event "Hilton Open 2013"]
[Site "Basel"]
[Date "2013.01.02"]
[Round "2.9"]
[White "Fier, Alexandr"]
[Black "Faibisovich, Vadim Z"]
[Result "1-0"]
[WhiteElo "2573"]
[BlackElo "2349"]
[PlyCount "53"]
[EventDate "2013.??.??"]
[SourceDate "2013.01.01"]

1. e4 c5 2. Nf3 Nc6 3. d4 cxd4 4. Nxd4 g6 5. Nc3 Bg7 6. Be3 Nf6 7. Bc4 O-O 8.
Bb3 d6 9. f3 Bd7 10. h4 Nxd4 11. Bxd4 b5 12. h5 e6 13. hxg6 hxg6 14. a3 a5 15.
Ne2 Bc6 16. Be3 Qc7 17. Qd2 Rfc8 18. Bh6 Bh8 19. Bf4 e5 20. Bg5 Nh7 21. O-O-O
a4 22. Rxh7 Kxh7 23. Rh1+ Kg7 24. Nd4 axb3 25. Be7 Qxe7 26. Qh6+ Kf6 27. Qh4+
1-0

[Event "Hilton Open 2013"]
[Site "Basel"]
[Date "2013.01.02"]
[Round "2.10"]
[White "Vulevic, Vjekoslav"]
[Black "Hansen, Eric"]
[Result "0-1"]
[WhiteElo "2299"]
[BlackElo "2568"]
[PlyCount "78"]
[EventDate "2013.??.??"]
[SourceDate "2013.01.01"]

1. e4 c5 2. Nf3 d6 3. h3 Nf6 4. c3 g6 5. Be2 Bg7 6. O-O O-O 7. d3 Nc6 8. Re1 e5
9. Bf1 h6 10. a3 d5 11. Nbd2 Re8 12. b4 cxb4 13. axb4 b5 14. Nb3 Qc7 15. Bd2
Rd8 16. Qb1 Bf8 17. Qb2 Rb8 18. Na5 Nxa5 19. Rxa5 Bg7 20. g3 dxe4 21. dxe4 a6
22. Bg2 Nd7 23. Be3 Nb6 24. Bxb6 Rxb6 25. Bf1 Rc6 26. Ra3 Be6 27. Rea1 Rc8 28.
Rxa6 Rxc3 29. Nh4 Qd7 30. Ra8 Qd4 31. Rxc8+ Bxc8 32. Kh2 Bb7 33. Bg2 Rc4 34.
Qxd4 Rxd4 35. Ra5 Rxb4 36. Bf1 Rb2 37. Bd3 Rxf2+ 38. Ng2 Bc6 39. Ra6 Rd2 0-1